Guess That President! Fillmore v Pierce - Statistics

General Stats
  • This quiz has been taken 12 times
  • The average score is 14 of 16
Answer Stats
Hint Answer % Correct
Was the 14th president Franklin Pierce
100%
Served in the Mexican-American war Franklin Pierce
100%
Signed the Kansas-Nebraska Act Franklin Pierce
100%
He was the youngest president at the time Franklin Pierce
100%
Was vice president to Zachary Taylor Millard Fillmore
100%
Was the last Whig president Millard Fillmore
100%
Only served 3 years Millard Fillmore
100%
Took office upon the death of Zachary Taylor Millard Fillmore
100%
Founded the first permanent White House library Millard Fillmore
100%
Was from New Hampshire Franklin Pierce
75%
Died alone Franklin Pierce
75%
Nicknamed Young Hickory of the Granite Hills Franklin Pierce
75%
His son died in a train derailment Franklin Pierce
75%
Was the second Whig president to not be elected president Millard Fillmore
75%
Was the 13th president Millard Fillmore
75%
Has the best name Millard Fillmore
50%
No matching quizzes found
Score Distribution
Percent of People with Each Score
Percentile by Number Answered
Your Score History
You have not taken this quiz